[Event "1st Regina Cattolica Open 2019"]
[Site "Cattolica"]
[Date "2019.06.16"]
[Round "4.2"]
[White "Laketic, Gojko"]
[Black "Kjartansson, Gudmundur"]
[Result "0-1"]
[WhiteElo "2387"]
[BlackElo "2459"]
[Annotator "RC"]
[PlyCount "152"]
[EventDate "2019.06.14"]
[EventType "swiss"]
[EventCountry "ITA"]
[SourceTitle "playchess.com"]
[Source "ChessBase"]
[SourceQuality "1"]
[TimeControl "5400+30"]

1. d4 {[%emt 0:00:40]} Nf6 {[%emt 0:00:10]} 2. c4 {[%emt 0:00:17]} e6 {[%emt 0:00:04]} 3. Nc3 {[%emt 0:00:36]} Bb4 {[%emt 0:00:04]} 4. Bd2 {[%emt 0:00:45]} O-O {[%emt 0:00:34]} 5. a3 {[%emt 0:01:56]} Bxc3 {[%emt 0:00:40]} 6. Bxc3 {[%emt 0:00:10]} b6 {[%emt 0:01:14]} 7. Nf3 {[%emt 0:04:41]} Ne4 {[%emt 0:02:21]} 8. Rc1 {[%emt 0:04:43]} Bb7 {[%emt 0:06:34]} 9. e3 {[%emt 0:00:45]} d6 {[%emt 0:02:49]} 10. Be2 {[%emt 0:02:12]} Nd7 {[%emt 0:00:22]} 11. O-O {[%emt 0:00:44]} Nxc3 {[%emt 0:01:53]} 12. Rxc3 {[%emt 0:00:47]} Re8 {[%emt 0:13:23]} 13. b4 {[%emt 0:12:20]} a5 {[%emt 0:01:37]} 14. Qc2 {[%emt 0:11:31]} axb4 {[%emt 0:02:17]} 15. axb4 {[%emt 0:00:02]} c5 {[%emt 0:01:12]} 16. Rb1 {[%emt 0:04:47]} Ra7 {[%emt 0:04:35]} 17. Nd2 {[%emt 0:08:33]} Qh4 {[%emt 0:25:45]} 18. bxc5 {[%emt 0:03:33]} bxc5 {[%emt 0:00:35]} 19. Bf3 {[%emt 0:02:21]} Bxf3 {[%emt 0:03:45]} 20. Nxf3 {[%emt 0:00:20]} Qd8 {[%emt 0:02:56]} 21. h3 {[%emt 0:00:21]} h6 {[%emt 0:00:21]} 22. Qd1 {[%emt 0:13:59]} Qc7 {[%emt 0:01:47]} 23. Ra1 {[%emt 0:02:09]} Rea8 {[%emt 0:01:22]} 24. Rxa7 {[%emt 0:01:34]} Rxa7 {[%emt 0:00:04]} 25. Rc1 {[%emt 0:01:58]} Ra6 {[%emt 0:01:27]} 26. Ra1 {[%emt 0:03:22]} Rxa1 {[%emt 0:00:25]} 27. Qxa1 {[%emt 0:00:01]} cxd4 {[%emt 0:00:19]} 28. Qxd4 {[%emt 0:00:25]} Nb6 {[%emt 0:01:13]} 29. Nd2 {[%emt 0:00:13]} Qc6 {[%emt 0:01:18]} 30. f4 {[%emt 0:02:28]} f6 {[%emt 0:01:34]} 31. Kf2 {[%emt 0:05:13]} Kf7 {[%emt 0:00:29]} 32. Ne4 {[%emt 0:01:02]} d5 {[%emt 0:03:41]} 33. cxd5 {[%emt 0:00:26]} Nxd5 {[%emt 0:00:10]} 34. Qc5 {[%emt 0:01:35]} Qa4 {[%emt 0:01:05]} 35. Qc4 {[%emt 0:02:24]} Qa3 {[%emt 0:02:42]} 36. Qd4 {[%emt 0:00:47]} f5 {[%emt 0:03:29]} 37. Nd2 {[%emt 0:00:29]} Kg8 {[%emt 0:03:03]} 38. Qe5 {[%emt 0:01:29]} Kf7 {[%emt 0:01:10]} 39. Qd4 {[%emt 0:00:13]} Qc1 {[%emt 0:00:42]} 40. Nf3 {[%emt 0:03:29]} Nf6 {[%emt 0:01:25]} 41. Nd2 {[%emt 0:01:10]} Qd1 {[%emt 0:00:39]} 42. Qa7+ {[%emt 0:00:47]} Kg6 {[%emt 0:02:12]} 43. Qa2 {[%emt 0:00:19]} Kh5 {[%emt 0:01:04]} 44. g3 {[%emt 0:01:32]} Kg6 {[%emt 0:01:02]} 45. Nf1 {[%emt 0:01:07]} Ne4+ {[%emt 0:01:50]} 46. Kg2 {[%emt 0:00:05]} Kh7 {[%emt 0:01:08]} 47. Qb2 {[%emt 0:00:29]} Kh8 {[%emt 0:04:01]} 48. Qb8+ {[%emt 0:00:18]} Kh7 {[%emt 0:00:02]} 49. Qb2 {[%emt 0:00:02]} Qd3 {[%emt 0:01:04]} 50. Qa2 {[%emt 0:00:48]} h5 {[%emt 0:00:41]} 51. Kg1 {[%emt 0:01:38]} Qd1 {[%emt 0:00:29]} 52. Kg2 {[%emt 0:00:19]} Kh8 {[%emt 0:00:15]} 53. Qa8+ {[%emt 0:00:11]} Kh7 {[%emt 0:00:01]} 54. Qa2 {[%emt 0:00:02]} Qe1 {[%emt 0:00:58]} 55. Qc2 {[%emt 0:01:07]} Kh6 {[%emt 0:00:54]} 56. Qa2 {[%emt 0:00:35]} Kh7 {[%emt 0:00:16]} 57. Qc2 {[%emt 0:00:10]} h4 {[%emt 0:00:27]} 58. gxh4 {[%emt 0:00:46]} Kh6 {[%emt 0:00:16]} 59. Qa2 {[%emt 0:01:55]} Kh5 {[%emt 0:00:13]} 60. Qb2 {[%emt 0:00:37]} Kxh4 {[%emt 0:00:23]} 61. Qa2 {[%emt 0:00:29]} Ng3 {[%emt 0:00:42]} 62. Nxg3 {[%emt 0:00:40]} Qxg3+ {[%emt 0:00:04]} 63. Kf1 {[%emt 0:00:08]} Qxe3 {[%emt 0:00:35]} 64. Qa4 {[%emt 0:00:51]} Kg3 {[%emt 0:00:59]} 65. Qc2 {[%emt 0:00:28]} Qxf4+ {[%emt 0:00:30]} 66. Kg1 {[%emt 0:00:01]} Qd4+ {[%emt 0:00:51]} 67. Kf1 {[%emt 0:00:14]} Qa1+ {[%emt 0:00:31]} 68. Ke2 {[%emt 0:00:11]} Qg1 {[%emt 0:00:34]} 69. Qb3+ {[%emt 0:00:29]} Kh2 {[%emt 0:00:20]} 70. Qxe6 {[%emt 0:00:12]} Qg2+ {[%emt 0:00:17]} 71. Kd1 {[%emt 0:00:06]} Qf3+ {[%emt 0:00:22]} 72. Kd2 {[%emt 0:00:11]} Qf4+ {[%emt 0:00:13]} 73. Kd1 {[%emt 0:00:11]} Kxh3 {[%emt 0:00:40]} 74. Qd7 {[%emt 0:00:01]} Qf3+ {[%emt 0:00:27]} 75. Ke1 {[%emt 0:00:06]} g5 {[%emt 0:00:13]} 76. Qd6 {[%emt 0:01:12]} Qg3+ {[%emt 0:00:18]} 0-1

[Event "1st Regina Cattolica Open 2019"]
[Site "Cattolica"]
[Date "2019.06.16"]
[Round "4.3"]
[White "Repka, Christopher"]
[Black "Albertini, Luca"]
[Result "1-0"]
[WhiteElo "2482"]
[BlackElo "2161"]
[Annotator "TA"]
[PlyCount "81"]
[EventDate "2019.06.14"]
[EventType "swiss"]
[EventCountry "ITA"]
[SourceTitle "playchess.com"]
[Source "ChessBase"]
[SourceQuality "1"]

{[%evp 25,81,16,22,-14,35,50,168,181,246,250,242,105,184,188,179,189,171,79,158,162,237,231,212,173,308,213,213,200,182,164,222,209,304,294,288,285,316,273,275,274,485,503,483,483,1085,868,781,416,1052,1016,1056,1035,1016,1000,1157,877,843,811]} 1. d4 d5 2. c4 e6 3. Nc3 Nf6 4. cxd5 exd5 5. Bg5 Nbd7 6. e3 Be7 7. Bd3 O-O 8. Nge2 Re8 9. Qc2 c6 10. f3 Nf8 11. O-O Ng6 12. e4 dxe4 13. fxe4 Ng4 14. Bd2 {[#] D36: Queen's Gambit Declined: Exchange Variation: Main line (5 Bg5 c6 6 Qc2)} Bf6 $146 ({Predecessor:} 14... c5 15. Nd5 cxd4 16. Nxd4 Qd6 17. g3 Bd7 18. Bb4 Qe5 19. Nf3 Qe6 20. Nd4 Qe5 21. Nf3 Qh5 22. Bxe7 Nxe7 {0-1 (38) Dzagnidze,N (2513)-Muzychuk,M (2540) St Petersburg 2018}) 15. e5 Bxe5 (15... Bg5 $14) 16. dxe5 $18 {White is clearly better.} N6xe5 (16... Qb6+ $142 17. Kh1 Rxe5) 17. Bxh7+ Kh8 18. Be4 (18. h3 $18 {is the precise move to win.} Qb6+ 19. Kh1 Nf2+ 20. Kh2) 18... Qb6+ (18... Nc4 $16 {was called for.}) 19. Kh1 {Black must now prevent h3.} Nf2+ 20. Rxf2 $1 Qxf2 {[#]} 21. Bf4 (21. Ng3 $1 $18) 21... Bg4 ({Black should try} 21... Ng4) 22. Bg3 $16 Qc5 (22... Qe3 $142 23. Re1 Qg5) 23. h3 $18 Re6 24. b4 $36 {[%mdl 2048] White is on the roll.} Qb6 (24... Qxb4 {is a better defense.} 25. Rb1 (25. hxg4 Rh6+ 26. Kg1 Nxg4 $18) 25... Qc5) 25. Bxe5 {Threatens to win with Bd4.} Bxe2 26. Bxg7+ $1 ({Don't take} 26. Qxe2 $6 Rxe5 27. a3 g6 $14) 26... Kxg7 27. Qxe2 Qxb4 (27... Qd4 $142) 28. Qg4+ Kf8 (28... Rg6 {was worth a try.} 29. Qf3 (29. Bxg6 Qxg4 30. hxg4 Kxg6 $18) 29... Rf6 30. Qg3+ Kf8) 29. Rf1 Re7 30. Rf3 {Strongly threatening Rg3.} Rae8 {[%cal Re7e4]} 31. Qh4 {[%cal Rh4h8]} Qd4 {[%cal Re7e4]} 32. Rg3 Rxe4 $2 (32... Rd7 33. Qh6+ Ke7) 33. Qh6+ {[%mdl 64] Zwischenzug} Ke7 {( -> ...Re1+)} 34. Nxe4 Qa1+ (34... Kd8 $142 35. Rg4 Re7 36. Qf8+ Kd7) 35. Kh2 {[%csl Ge4][%cal Rh6d6]} Qe5 36. Qd2 f5 (36... a5 $142 37. Qh6 Rd8 38. Qh4+ Kd7) 37. Qb4+ {White is clearly winning.} Kd8 {[#]} 38. Nd6 $1 {[%mdl 64] White wants to mate with Nf7+. Double Attack} Re7 39. Nxb7+ Kc8 40. Nd6+ Kd7 41. Nc4 {Accuracy: White = 59%, Black = 28%.} 1-0

[Event "1st Regina Cattolica Open 2019"]
[Site "Cattolica"]
[Date "2019.06.16"]
[Round "4.4"]
[White "Drazic, Sinisa"]
[Black "Gohshtein, Pavel"]
[Result "1-0"]
[WhiteElo "2365"]
[BlackElo "2055"]
[Annotator "TA"]
[PlyCount "67"]
[EventDate "2019.06.14"]
[EventType "swiss"]
[EventCountry "ITA"]
[SourceTitle "playchess.com"]
[Source "ChessBase"]
[SourceQuality "1"]

{[%evp 10,67,9,8,34,-13,16,23,17,20,14,13,13,16,12,10,61,21,16,23,17,26,22,16,69,12,28,0,1,1,9,0,19,18,36,39,71,0,43,37,47,58,273,274,247,246,246,250,245,248,256,257,764,606,589,582,795,788,1063,927]} 1. e4 c6 2. Nc3 d5 3. Nf3 Bg4 4. h3 Bxf3 5. Qxf3 e6 6. g3 Nd7 {B11: Caro-Kann: Two Knights Variation} (6... Nf6 7. a3 Bc5 8. d3 O-O 9. Bg2 Nbd7 10. O-O b5 11. Qd1 Qb6 12. Qe2 a5 13. Kh1 d4 14. Nb1 e5 {0-1 (47) Vallejo Pons,F (2693)-Anand,V (2774) Karlsruhe/Baden Baden 2019}) 7. Qe2 Ne7 8. Bg2 g6 {White has an edge.} 9. d3 Bg7 10. Bg5 $146 ({Predecessor:} 10. O-O O-O 11. Kh1 Qb6 12. f4 Qa6 13. Qf2 Qb6 14. Qe2 Qa6 15. Qf2 Qb6 16. Qe2 {½-½ (16) Mastrovasilis,D (2610)-Hera,I (2555) Poland 2013}) 10... h6 11. Bd2 O-O 12. h4 f5 (12... b5 $11) 13. h5 g5 14. f4 d4 15. Nd1 g4 16. Nf2 Nf6 (16... a5 $11) 17. e5 (17. O-O-O $14) 17... Nd7 $11 18. c4 a5 19. b3 Qc7 20. Rb1 c5 21. a3 Nc6 22. O-O Kh7 23. Kh2 (23. Nxg4 $16 {And now Nh2 would win.} fxg4 24. Qxg4) 23... Qb8 (23... Rg8 {looks sharper.} 24. Rfe1 Bf8 25. Qf1 Be7 26. Nd1 Qb6) 24. Nxg4 fxg4 25. Qxg4 Ndxe5 $2 {[#]} (25... Qe8 $14) 26. fxe5 $18 Nxe5 27. Qxe6 Ra6 28. Qh3 Kh8 29. Be4 $40 {[%mdl 128] White goes for the king.} Raf6 30. Rxf6 (30. Bxa5 b6 $16) 30... Bxf6 $2 (30... Rxf6 31. Rf1 (31. Bxa5 b6 $16) 31... Rxf1 32. Qxf1 Ng4+ 33. Kh3 Nf6) 31. Bxh6 {White is clearly winning.} Rg8 {Black wants to play ...Ng4+.} 32. Bf4 {[#] Hoping for Qf5.} Qe8 33. Qf5 {[%csl Ge4][%cal Rf5h7]} Rg7 34. Rf1 {Accuracy: White = 57%, Black = 41%.} 1-0

[Event "1st Regina Cattolica Open 2019"]
[Site "Cattolica"]
[Date "2019.06.16"]
[Round "4.5"]
[White "Mezentsev, Ivan"]
[Black "Puglia, Francesco"]
[Result "1-0"]
[WhiteElo "2281"]
[BlackElo "1891"]
[Annotator "TA"]
[PlyCount "100"]
[EventDate "2019.06.14"]
[EventType "swiss"]
[EventCountry "ITA"]
[SourceTitle "playchess.com"]
[Source "ChessBase"]
[SourceQuality "1"]

{[%evp 18,100,12,10,20,-4,60,0,119,-8,-2,-8,-8,0,31,-30,5,7,25,25,34,-62,-47,-45,-56,-45,13,31,18,23,33,33,33,27,34,39,238,234,322,233,227,219,222,222,222,222,231,208,208,187,187,188,189,187,190,134,139,135,135,135,273,188,190,184,164,128,385,328,12815,29945,12812,12814,6901,6890,5114,777,29981,29983,29982,29983,29981,29978,29983,29984,29982]} 1. Nf3 c5 2. c4 Nc6 3. Nc3 g6 4. e3 Nf6 5. d4 cxd4 6. exd4 d5 7. cxd5 Nxd5 8. Bc4 Nxc3 9. bxc3 Bg7 10. O-O O-O {A35: Symmetrical English: 2 Nc3 Nc6 3 Nf3} 11. a4 (11. Re1 Qc7 12. Bb5 Rd8 13. Bg5 Be6 14. Qa4 Rac8 15. Qa3 Rd7 16. Bxc6 bxc6 17. Ne5 Rd5 18. Bf4 Qa5 19. Qxe7 Qxc3 {0-1 (32) Wen,Y (2602)-Bu,X (2710) Huocheng County 2017}) 11... e5 $146 (11... Qa5 $11) ({Predecessor:} 11... Qc7 12. Ba2 Na5 13. Re1 e6 14. Qd3 Bd7 15. Ng5 h6 16. Ne4 Bc6 17. Qh3 Bxe4 18. Rxe4 {0-1 (38) Mamedjarova,Z (2307)-Mammadzada,G (2422) Baku 2019}) 12. d5 ({White should play} 12. Ba3 $14) 12... e4 (12... Na5 $1 $11 13. Ba2 e4) 13. Ng5 (13. dxc6 $16 {Hoping for Qxd8.} exf3 14. Qxf3) 13... Ne5 $11 14. Ba2 Bf5 {[#] ...h6 is the strong threat.} 15. Qe2 $1 e3 16. Qxe3 ({White should try} 16. f4 $1 $14) 16... Ng4 17. Qg3 Rc8 18. Bd2 Be5 19. f4 (19. Bf4 $14) 19... Bd6 20. Kh1 Re8 21. Bb1 Qxg5 (21... Qd7 $15) 22. fxg5 $40 {[%mdl 128] White is up to no good.} Bxg3 23. hxg3 Re2 24. Bxf5 gxf5 25. Bf4 Rxc3 26. d6 {Strongly threatening Rad1.} Rcc2 $2 ({Better is} 26... Kg7 $14) 27. d7 $18 Rcd2 28. Bxd2 Rxd2 29. Rxf5 Rxd7 {[%mdl 4096] Endgame KRR-KRN} 30. Rf4 Ne5 31. a5 b6 32. a6 Nd3 33. Rf6 Nc5 34. Kh2 Kg7 35. Kh3 Ne4 {[#]} 36. Rf5 (36. Rxb6 $3 $18 {[%mdl 512] Threatens to win with Rb5.} axb6 37. a7) 36... Kg6 $16 37. g4 Nxg5+ 38. Kh4 f6 (38... Ne6 $16 39. Rff1 Kg7) 39. Rc1 Ne4 40. Rcf1 Rd6 41. R1f4 Nc5 $2 {[%mdl 8192]} (41... Re6 $16 42. Rf1 Nc5) 42. g5 $18 {[%cal Rf5f6]} Nxa6 $2 (42... Nd7 43. gxf6 Nxf6) 43. Rxf6+ Rxf6 44. gxf6 {White wants to mate with f7. KR-KN} Kf7 45. Kg5 Nc5 46. Rh4 (46. Kf5 $142 a5 47. Rh4) 46... a5 47. Rxh7+ {White mates.} Ke6 48. Re7+ Kd6 49. Kg6 a4 50. Re3 Kd5 {Accuracy: White = 59%, Black = 28%.} 1-0

[Event "1st Regina Cattolica Open 2019"]
[Site "Cattolica"]
[Date "2019.06.16"]
[Round "4.6"]
[White "Cappai, Davide"]
[Black "Malfagia, Andrea"]
[Result "1-0"]
[WhiteElo "2185"]
[BlackElo "2191"]
[Annotator "TA"]
[PlyCount "135"]
[EventDate "2019.06.14"]
[EventType "swiss"]
[EventCountry "ITA"]
[SourceTitle "playchess.com"]
[Source "ChessBase"]
[SourceQuality "1"]

{[%evp 19,134,8,20,0,0,0,0,-8,19,24,28,16,15,14,23,10,11,4,5,9,15,0,13,0,9,0,0,8,104,0,20,12,31,2,0,0,0,0,0,0,0,0,0,0,0,0,16,16,21,21,70,29,70,63,74,78,149,108,153,81,276,282,272,275,277,249,184,102,254,105,255,253,252,260,241,246,208,26,33,0,0,0,227,227,226,7,333,288,288,202,482,0,0,0,467,0,0,0,464,463,427,432,425,388,29993,29977,29977,29978,29978,29979,29994,29995,29995,29996,29996,29997,29999]} 1. e4 c5 2. Nf3 e6 3. d4 cxd4 4. Nxd4 Nc6 5. Nc3 a6 6. g3 Qc7 7. Bg2 Nf6 8. O-O Nxd4 9. Qxd4 Bc5 10. Qd3 Ng4 11. h3 {B47: Sicilian: Taimanov: 5 Nc3 Qc7 6 f4, 6 g3 and 6 Be2} (11. Qe2 {seems wilder.} h5 12. Bf3 Ne5 13. Bxh5 d6 14. Bf4) (11. Qe2 h5 12. Kh1 b5 13. e5 Bb7 14. Bf4 Bd4 15. Rae1 Bxc3 16. bxc3 Bxg2+ 17. Kxg2 Qxc3 18. Rd1 Rc8 {½-½ (34) Adams,M (2753)-Van Kampen,R (2607) Hoogeveen 2013}) 11... Ne5 12. Qe2 d6 13. Kh1 {The position is equal.} Bd7 $146 ({Predecessor:} 13... Bd4 14. Nd1 Bd7 15. a4 Rc8 16. c3 Ba7 17. Be3 Bxe3 18. Nxe3 Nc4 19. Nxc4 Qxc4 {½-½ (53) Ilic,S (2182)-Vragoteris,A (2317) Chalkidiki 2008}) 14. f4 Nc6 15. Be3 Bxe3 16. Qxe3 O-O 17. Rf2 Rac8 18. Rd1 Rfd8 19. Rfd2 Be8 20. Kh2 b5 21. a3 Na5 {Threatens to win with ...Nc4.} 22. Bf1 Nc4 23. Bxc4 $1 Qxc4 (23... bxc4 $11 {remains equal.} 24. Ne2 Qb8) 24. Rd4 ({Better is} 24. e5 $16) 24... Qc7 25. Qd3 {[%cal Rd4d6]} a5 26. e5 {[%cal Re5d6]} ({Much worse is} 26. Rxd6 Rxd6 27. Qxd6 b4 $17) 26... d5 27. Rd2 Rb8 28. Qe3 b4 29. axb4 axb4 30. Ne2 Bb5 31. Ng1 Qc5 32. Nf3 Rdc8 {[#]} 33. f5 $1 {[%mdl 512]} exf5 34. Qf4 Bc6 35. Qxf5 {Ng5! is the strong threat.} (35. Nh4 $5 {[%cal Rh4f5]}) 35... g6 36. Qf4 Qf8 37. Rf2 h6 (37... Rb7 $142) 38. Qd2 Qg7 39. Rxb4 ({White should play} 39. Rf4 $1) 39... d4 $2 (39... Rxb4 $16 {is a better defense.} 40. Qxb4 d4) 40. Rxb8 $18 ({Not} 40. Nxd4 Rxb4 41. Qxb4 Qxe5 $16) (40. Rxd4 Bxf3 41. Rxf3 Rxb2 $14) 40... Rxb8 41. Nxd4 ({Don't do} 41. Qxd4 $6 Re8 $16) 41... Be8 42. Qa5 Rxb2 43. Qc7 ({White should try} 43. h4 $18) 43... Rb1 $2 (43... f5 $16 {was called for.} 44. Qc8 Qe7) 44. c3 (44. Rf6 $1 $18 {and the rest is easy.}) 44... Re1 (44... f5 $16 {keeps fighting.} 45. Qc8 Qd7 46. Qxd7 Bxd7) 45. Rf6 h5 {...Qh6 would now be nice for Black.} 46. Qb8 Qf8 {[#]} 47. e6 $1 Kg7 48. Rf2 $2 (48. Qd8 $18) 48... Qe7 $11 49. exf7 Bxf7 {aiming for ...Bd5.} 50. Nf3 Bd5 $2 (50... Re2 $11 {and Black has nothing to worry.} 51. Qb6 Qe3 52. Qxe3 Rxe3) 51. Nxe1 $18 Qxe1 {[%cal Re1f2][%mdl 4096] Endgame [#] KQR-KQB} 52. Qc7+ $2 (52. Qf8+ $1 $18 Kh7 53. Rf1 Qxc3 54. h4) 52... Kh6 $2 {[%mdl 8192]} (52... Kg8 $11 53. Qd8+ Kh7 54. Qxd5 Qxf2+ 55. Qg2 Qc5) 53. Qf4+ Kh7 {[%csl Gd5][%cal Re1h1]} 54. g4 h4 $2 (54... hxg4 {might work better.} 55. Rf1 Qe2+ 56. Qf2 g3+ {[%mdl 64] Decoy} 57. Kxg3 Qe5+ 58. Qf4 Qxc3+ 59. Kh2 Qb3 60. Qh4+ Kg7) 55. Qc7+ $2 (55. Rf1 $18 Qe2+ 56. Qf2 Qxf2+ 57. Rxf2) 55... Kh6 $11 {[%cal Re1f2]} 56. Qf4+ $2 {[%mdl 8192]} (56. Rg2 $11 Bxg2 57. Kxg2) 56... Kh7 $18 {[%csl Gd5][%cal Re1h1]} 57. Qc7+ Kh6 {[%cal Re1f2]} 58. Qf4+ Kh7 {[%csl Gd5][%cal Re1h1]} 59. Rf1 Qxc3 60. g5 Qc2+ 61. Rf2 Qd1 $2 (61... Qc8 $18 62. Qxh4+ Kg8) 62. Qxh4+ {White mates.} Kg8 63. Qf4 Qh1+ 64. Kg3 Kh7 65. Qc7+ Kg8 66. Qd8+ Kh7 67. Qe7+ Kg8 {Accuracy: White = 48%, Black = 33%.} 68. Rf8# 1-0

[Event "1st Regina Cattolica Open 2019"]
[Site "Cattolica"]
[Date "2019.06.16"]
[Round "4.7"]
[White "Deshpande Abhishek"]
[Black "Palozza, Christian"]
[Result "1-0"]
[WhiteElo "1827"]
[BlackElo "2225"]
[Annotator "TA"]
[PlyCount "129"]
[EventDate "2019.06.14"]
[EventType "swiss"]
[EventCountry "ITA"]
[SourceTitle "playchess.com"]
[Source "ChessBase"]
[SourceQuality "1"]

{[%evp 9,129,14,8,12,21,4,12,7,35,13,20,12,31,10,10,3,12,8,16,3,11,12,26,20,25,22,21,21,15,11,14,0,4,0,1,0,1,1,1,1,1,1,2,-28,0,-28,-16,-24,-10,-52,-12,-14,0,0,0,0,0,0,0,0,0,0,0,0,0,0,8,0,0,0,0,-92,-6,-7,7,6,183,183,183,183,183,0,183,183,183,183,183,182,6207,6123,5701,5224,2630,1704,1364,1017,949,702,2268,304,304,304,304,304,1090,304,1081,1098,1031,1025,788,506,29985,29986,29986,29987,29989,29988,29988,29988,29989,29990]} 1. e4 e6 2. d4 d5 3. e5 Bd7 4. Be3 (4. Nd2 a6 5. Ndf3 Bb5 6. Bxb5+ axb5 7. Ne2 Nd7 8. Qd3 c6 9. h4 h6 10. h5 Qb6 11. O-O Qa6 12. Be3 Ne7 {0-1 (79) Piorun,K (2633)-Efimov,I (2413) Brest 2018}) 4... a6 5. Bd3 Bb5 6. f4 $146 {C02: French: Advance Variation} ({Predecessor:} 6. Ne2 Bxd3 7. Qxd3 c5 8. dxc5 Nd7 9. Qc3 Qc7 10. Bd4 Bxc5 11. Bxc5 Qxc5 12. Qxc5 Nxc5 {0-1 (37) Malkin,K-Grant,A (2190) Grangemouth 2000}) 6... Nh6 7. Nf3 Bxd3 8. Qxd3 {The position is equal.} Qd7 9. Nbd2 Qb5 10. Qb3 Be7 (10... Nd7 {seems wilder.} 11. Bf2 c5 12. c3 Nf5 13. g4 Ne7) 11. a4 Qxb3 12. Nxb3 Nf5 13. Ke2 h5 14. g3 Nd7 15. Bf2 Nb6 16. Nbd2 Rc8 17. c3 c5 18. a5 Nd7 19. dxc5 Nxc5 20. Bxc5 Bxc5 21. Nb3 Ba7 22. Kd3 Ne7 23. Ra4 Nc6 24. Nbd4 Ke7 25. Rb1 Rc7 26. b4 Rhc8 (26... Bxd4 $5 27. Nxd4 Nxd4 28. cxd4 Rhc8 $15) 27. Ra3 (27. Nxc6+ {feels hotter.} Rxc6 28. Ra3 R8c7 29. b5 axb5 30. Rxb5 Kd7 31. Rb2) 27... Bxd4 28. Nxd4 Nxd4 29. Kxd4 $11 {[%mdl 4096] Endgame KRR-KRR} (29. cxd4 {is interesting.} Rc2 30. b5 Rxh2 31. bxa6 bxa6 32. Rc3) 29... Rc4+ 30. Kd3 R8c7 31. b5 axb5 32. Rxb5 Kd7 33. h4 R4c6 34. Rab3 Kc8 35. Ra3 Rd7 36. Rb6 Rdc7 37. Rab3 Kb8 38. R6b4 Ka7 39. Rb5 Rc5 40. Kd4 (40. Rxc5 $11 {remains equal.} Rxc5 41. Rb6) 40... Rxb5 (40... Rc4+ $1 $17 41. Kd3 Ra4) 41. Rxb5 $17 {KR-KR} Ka6 42. Rc5 $1 {[%cal Rc5c7]} Rxc5 $2 (42... Re7 $1 $11) 43. Kxc5 $18 Kxa5 $11 {Strongly threatening ...g6. KP-KP} 44. Kd6 {Black must now prevent Ke7.} b5 {[#]} 45. Ke7 $2 ({White must play} 45. f5 $1 $18 {[%cal Rf5e6][%mdl 512]} b4 (45... exf5 46. Ke7) 46. cxb4+ Kxb4 47. Ke7) 45... b4 $2 (45... d4 $1 $11 {and Black has nothing to worry.} 46. cxd4 b4) 46. cxb4+ $18 Kxb4 47. Kxf7 {aiming for f5.} d4 {...d3 is the strong threat.} 48. f5 $1 {[%cal Rf5e6]} d3 $2 (48... exf5 49. e6 d3) 49. fxe6 d2 50. e7 d1=Q 51. e8=Q {KQ-KQ} Qf3+ 52. Kxg7 {Intending Qf8+ and mate.} Qxg3+ 53. Kh6 Qxh4 54. Qxh5 $2 (54. Qf8+ Ka4 55. e6) 54... Qf4+ 55. Kg6 Kc5 {intending ...Kd5.} 56. Qf5 Qg3+ $2 (56... Qd4 57. e6+ Kd6) 57. Kf7 {Threatens to win with e6+.} Qb3+ 58. e6+ Kd6 59. Qf4+ Kc6 60. Qe4+ Kc5 (60... Kd6 $18 61. Qd4+ Kc6 62. Qd7+ Kb6 63. Qd6+ Kb7) 61. Kf6 {White mates.} Kb6 62. e7 Qb2+ 63. Qe5 Qf2+ 64. Qf5 Qb2+ 65. Kf7 {Accuracy: White = 61%, Black = 45%.} 1-0